header

Abraham Lincoln and Horace Greeley (Record no. 145813)

MARC details
000 -LEADER
fixed length control field 01943nam a2200433 a 4500
082 04 - DEWEY DECIMAL CLASSIFICATION NUMBER
Classification number 973.7092/2
-- B
100 1# - MAIN ENTRY--AUTHOR NAME
Personal name Borchard, Gregory A.
245 10 - TITLE STATEMENT
Title Abraham Lincoln and Horace Greeley
260 ## - PUBLICATION, DISTRIBUTION, ETC. (IMPRINT)
Place of publication Carbondale :
Name of publisher Southern Illinois University Press,
Year of publication c2011.
300 ## - PHYSICAL DESCRIPTION
Number of Pages xi, 139 p., [12] p. of plates :
Other physical details ill.
490 1# - SERIES STATEMENT
Series statement Concise Lincoln library
505 0# - FORMATTED CONTENTS NOTE
Formatted contents note Abraham Lincoln and Horace Greeley remembered -- Self-made men -- Thirtieth congressmen -- Free soil, free labor, free speech, free men -- A fight for union and for freedom -- Re-remembering Lincoln and Greeley.
650 #0 - SUBJECT ADDED ENTRY--TOPICAL TERM
Topical Term Presidents
Topical Term Politicians
Topical Term Journalists
Topical Term Newspaper editors
856 40 - ELECTRONIC LOCATION AND ACCESS
Uniform Resource Identifier http://site.ebrary.com/lib/rucke/Doc?id=10528278

No items available.

© 2026 Rongo University
Contact us: librarian | system librarian | Rongo university